Quizzes
Events
Quiz Creation
Community
Videos
Private Events
Remove Ads
Sign In
Join for FREE
Feedback
Dark Mode
Quiz Categories
Sports
Geography
Music
Movies
Television
Just For Fun
Miscellaneous
History
Literature
Language
Science
Gaming
Entertainment
Religion
Holiday
For Kids
Quiz Lab
Recent
Popular Today
Quiz Kudos Today
Editor Picks
Curator Picks
Quizzes by...
Day
Popularity
Type
Ratings
Length
Year
Community
Subscriptions
Recent Discussions
Orange Saloon
Badges
Playlists
Quests
Create
Leaderboards
Showdown
Live 5
Trivia Bingo
Activity
Puzzle Library
Sporcle Events
Private Events
Virtual Trivia
Globe League
Become a Host
Pub Owners
SporcleCon
Opinionation
Our Games
Videos
Blog
Mobile Apps
Partnerships
Remove Ads and Go Orange
Feedback
Music
Pop Music
The Beatles
Song
Album
Lyrics
Bands
Singers
Artist
Clip
Rock
Rap
Classical
Billboard
Country Music
Kpop
Taylor Swift
Music
Pop Music
The Beatles
Song
Album
Lyrics
Bands
Singers
Artist
Clip
Rock
Rap
Classical
Billboard
Country Music
Kpop
Taylor Swift
Random Quiz
Search Sporcle
×
Quiz Lab
Quiz Lab
Music
Band Members
Type in answers that appear in a list
Type in answers that appear in a list
Classic
Best Score? Go Orange.
Iron Maiden Band Members (Old and New) Stats
Can you name the Iron Maiden Band Members (Old and New)?
By
marcdaemo
10m
25 Questions
95 Plays
95 Plays
95 Plays
Comments
Comments
Give Quiz Kudos
Give Quiz Kudos
-
- Ratings
hide this ad
Replay
Link that replays current quiz
Next Quiz
Link to next quiz in quiz playlist
You Got
0%
They Got
Avg Score
51%
Avg Friend Score
Upgrade to see
Score Distribution
Jump to the score distribution portion of the page
Score
0/25
Timer
10:00
0
Plays Today
Position
Band Member
% Correct
Lead Vocals
Bruce Dickinson
90.5%
Lead Vocals
Paul Di'Anno
89.5%
Bass
Steve Harris
88.4%
Lead & Rhythm Guitars
Dave Murray
86.3%
Lead &Rhythm Guitars, Backing Vocals
Adrian Smith
85.3%
Drums, Percussion
Nicko McBrain
83.2%
Drums, Percussion
Clive Burr
81.1%
Lead & Rhythm Guitars
Janick Gers
78.9%
Lead Vocals
Blaze Bayley
68.4%
Guitars, Backing Vocals
Dennis Stratton
64.2%
Lead Vocals
Paul Day
53.7%
Mascot
Eddie the Head
52.6%
Drums, Percussion
Doug Sampson
41.1%
Position
Band Member
% Correct
Lead Vocals
Dennis Wilcock
38.9%
Keyboards, Synthesiser (Live only)
Michael Kenney
37.9%
Guitars
Terry Rance
30.5%
Drums
Ron Matthews
29.5%
Guitars
Dave Sullivan
28.4%
Keyboards
Tony Moore
27.4%
Guitars
Terry Wapram
26.3%
Guitars
Bob Sawyer
25.3%
Guitars
Tony Parsons
24.2%
Guitars
Paul Todd
22.1%
Drums, Percussion
Barry Purkis
21.1%
Guitars
Paul Cairns
20%
Quiz Playlist
Details
Report
Send in Message
Add To Playlist
Classic:
Type in answers that appear in a list
Last Updated: Feb 16, 2017
Quiz Scoreboard
CHALLENGE
Sign Up to Join the Scoreboard
Show All
Scores
Hide
Comments
May contain spoilers
Recently Published
Decade Duel: World Leaders
by jenniferyan
History
4m
Alphabetical 'K' Countries by Flag Minefield
by ylime102
Geography
3m
Pick 6: Fruits
by JohnFran
Miscellaneous
15s
More to Explore
Quiz From the Vault
Featured Blog Post
15 Basketball Trivia Facts You Can Be March Mad About
hide this ad
You Might Also Like...
Tags
Band Members
Iron Maiden
Today's Top Quizzes in Music
Browse Music
hide this ad
Today's Top Quizzes in Band Members
Browse Band Members
Top Contributed Quizzes in Music
1
Taylor Swift All Songs (2024)
2
KPOP LOGIC QUIZ
3
Taylor Swift Logic Puzzle
4
Decade Duel: Singer
5
Guess the Taylor Swift song (Mystery Song)
6
A Taylor Swift Logic Puzzle
7
Guess The Taylor Swift Lyrics Song #1
8
kpop group name match up
9
2 word kpop group match
10
K-Pop : 100 Debut Songs (Part 1 of 3)
Explore More
Trending Topics
Disney
Kpop
Crossword
Anime
Marvel
Harry Potter
NBA
NFL
Song
Pokémon
Country
The Office
WWE
Puzzle
Soccer
hide this ad
More By:
marcdaemo
Quiz
Plays
Rating
Category
Featured
Created
Slipknot band members (old and new)
388
1.00
Music
Nov 15, 2011
Judas Priest Band Members (old and new)
157
Music
Nov 15, 2011
Metallica Band Members (old and new)
104
Music
Nov 15, 2011
Iron Maiden Band Members (Old and New)
95
Music
Nov 14, 2011
Latimer class of 2011
18
Just For Fun
Nov 17, 2011
Go to Creator's Profile
Score Distribution
Quiz Creator Spotlight
marcdaemo
Follow
Send a Message
Quizzes Created
-
Created Quiz Play Count
-
More By This Creator
Popular Quizzes Today
1
Countries of Asia Without Outlines Minefield
2
Find the US States - No Outlines Minefield
3
Pick 6: Fruits
4
The Countries of the World
5
Alphabetical 'K' Countries by Flag Minefield
6
Find the Countries of Europe - No Outlines Minefield
7
US States
8
Find the US States
More Music Quizzes
Click-n-Complete: Song Titles
Quiz Lab
Trending Quizzes
Pick 6: Mountains
Pick 6: Harry Potter
Pick 6: Flags
Pick 6: NFL Teams
Pick 6: Movie Franchises
Recently Updated
Adaptations: Name the Title
pecheneg
NWSL Teams
pecheneg
Women's Final Four Teams by Year
bhenderson79
Presidents Quartet II
eogle
Anything But Clue(do)
eogle
Anything But Oceanian Capitals
eogle
Anything But 7
eogle
Anything But Thing
eogle
Word Ladder: February 29
pecheneg
Song Title Questions
pecheneg
Trending Topics
Disney
Crossword
NBA
Kpop
Anime
Marvel
Harry Potter
NFL
The Office
Puzzle
Soccer
WWE
Country
Pokémon
Song
Your Account Isn't Verified!
In order to create a playlist on Sporcle, you need to verify the email address you used during registration. Go to your
Sporcle Settings
to finish the process.
Report this User
Report this user for behavior that violates our
Community Guidelines
.
Details:
Send Report
Go to the Sporcle.com Mobile Site →
Comments